000 005300000a22001810004500
003 MACL
005 20160421132103.0
008 160421b xxu||||| |||| 00| 0 eng d
040 _aMACL
_cMACL
041 _aHindi
082 _a700
100 _aराय निहार रंजन
_953096
245 _aभारतीय कला के आयाम
260 _bपूर्वोदय प्रकाशन
_c1993
_aनई दिल्‍ली
350 _a40
650 _aArts
_953097
942 _cHIN
_k700
_2ddc
999 _c21027
_d21027